旅行
| 資料類型: | 圖書 | 書目號: | 52046 |
Leader xxxxxxxxxx 001 __ 102520/3/01 005 __ 20180426083507.395 010 0_ |a978-986-450-154-0|b平裝|d新臺幣360元 100 __ |a20180426d2017 km y0chiy50 e 101 0_ |achi 102 __ |atw 105 __ |ay z 000ay 200 1_ |a旅行|f張啟疆著 210 __ |a臺北市|c九歌|d2017[民106] 215 0_ |a318面|d21公分 225 12 |a九歌文庫|v1268 700 _1 |a張|b啟疆|4著 681 __ |a857.7|b8734 801 _0 |atw|bLibDipper|c20180426|gCCR |